Hazbin Hotel Characters with Hints - Statistics

General Stats
  • This quiz has been taken 2,508 times
    2,449 since last reset
  • The average score is 21 of 25
Answer Stats
Hint Answer % Correct
Founder of the Hazbin Hotel; Princess of Hell Charlie Morningstar
99%
King of Hell; Ruler of the Pride Ring Lucifer Morningstar
99%
Girlfriend of the above Vaggie
98%
Twisted angelic leader of the Exorcists Adam
95%
Drug addict, adult film star, and ex-mobster Angel Dust
92%
Wife of the above Lilith Morningstar
92%
Overlord controlling most of Hell's technology; part of the "Vees" Vox
91%
The Hotel's bartender Husk
90%
One of the highest ranking Seraphim; name closely resembles title Sera
89%
Overlord controlling most of Hell's adult film production; part of the "Vees" Valentino
89%
Sidekick of the above Lute
88%
The Hotel's psychopathic and energetic maid Niffty
88%
Cannibalistic Overlord with knowledge in voodoo practices Alastor
87%
Younger and more friendly Seraphim; did not know about the exterminations Emily
87%
Crazy explosives expert; best friend of the above Cherri Bomb
86%
Overconfident snake-themed sinner who was once desperate on ruling the Pride Ring Sir Pentious
84%
Title given to a human who died and was sent to Hell Sinner
81%
Overlord controlling most of Hell's social media; part of the "Vees" Velvette
81%
Cannibalistic Matchmaker Overlord; friend of the above Rosie
80%
Overlord in charge of Hell's weapons Carmilla Carmine
76%
Receptionist of Heaven Saint Peter
74%
Title given to a human who had sinned profusely while alive, given even greater power in Hell Overlord
73%
Female angels picked specifically to kill off sinners to deal with Hell's overpopulation Exorcist
66%
Title given to a human who died and was sent to Heaven Winner
49%
Assistant to the above Travis
20%
No matching quizzes found
Score Distribution
Percent of People with Each Score
Percentile by Number Answered
Your Score History
You have not taken this quiz since the last reset